000 00314nam a22001457a 4500
020 _a0-86278-976-1
082 _a823
_bBUR/D
100 _aBURLINGTON, MARIE
245 _aDEAR ME
260 _aDUBLIN
_bO'BRIEN PRESS LTD
_c2006
300 _a96
520 _aENGLISH NOVEL
650 _aENGLISH NOVEL
942 _cBK
999 _c5753
_d5753